Política de descentralización en la educación básica y media en América Latina: estado del arte

Salvato in:
Dettagli Bibliografici
Autore principale: Hevia Rivas, Ricardo (Autore)
Natura: Libro
Lingua:spagnolo
Pubblicazione: Santiago UNESCO-REDUC 1991
Soggetti:
Tags: Aggiungi Tag
Nessun Tag, puoi essere il primo ad aggiungerne!!

MARC

LEADER 00000nam a2200000 a 4500
001 UCY1402
003 CL-VaPUC
008 940831e19910000CL |||||||||||||||||spa|d
082 0 4 |a 379.8  |b HEV  |2 21 
100 |a Hevia Rivas, Ricardo  |e author  |9 343496 
245 1 0 |a Política de descentralización en la educación básica y media en América Latina: estado del arte 
300 |a 98 p 
942 |c BK 
945 |d 19940831 00:00:00  |a rbrito 
260 |a Santiago  |b UNESCO-REDUC  |c 1991 
650 0 |a Política educacional  |9 308011 
650 7 |a DESCENTRALIZACION  |2 CL-VaPUC  |9 311229 
651 0 |a América Latina   |9 255027 
583 |a last modification  |c 19940831 00:00:00  |k Rodrigo Vera 
999 |c 230115  |d 230113 
952 |0 0  |1 0  |4 0  |6 379_800000000000000_HEV_1991  |7 0  |8 P  |9 232122  |a BIBEDU  |b BIBEDU  |c BIBEDU_PB  |d 2019-11-15  |i 3004228  |o 379.8 HEV 1991  |p 3004228  |r 2024-01-25  |w 2019-11-15  |y BK  |k EDU 
952 |0 0  |1 0  |4 0  |6 379_800000000000000_HEV_1991  |7 0  |8 P  |9 232123  |a BIBEDU  |b BIBEDU  |c BIBEDU_PB  |d 2019-11-15  |i 3517268  |o 379.8 HEV 1991  |p 3517268  |r 2024-01-25  |w 2019-11-15  |y BK  |k BME